[Event "HUN-chT2 Szechenyi 1112"]
[Site "Hungary"]
[Date "2011.11.13"]
[Round "3.10"]
[White "Bodocs, Richard"]
[Black "Czupor, Attila"]
[Result "0-1"]
[WhiteElo "1608"]
[BlackElo "1808"]
[PlyCount "58"]
[EventDate "2011.09.25"]
[EventType "team-tourn"]
[EventRounds "11"]
[EventCountry "HUN"]
[SourceTitle "EXT 2013"]
[Source "ChessBase"]
[SourceDate "2012.11.22"]
[SourceVersion "1"]
[SourceVersionDate "2012.11.22"]
[SourceQuality "1"]
[WhiteTeam "Zalaegerszeg"]
[BlackTeam "Sarvar"]
[WhiteTeamCountry "HUN"]
[BlackTeamCountry "HUN"]

1. e4 e5 2. Nf3 Nc6 3. Bc4 Bc5 4. c3 Nf6 5. d3 d6 6. Nbd2 0-0 7. Nf1 Ne7 8. Ng3 Ng6 9. 0-0 Bb6 10. a4 c6 11. Bg5 h6 12. Bxf6 Qxf6 13. h3 Nf4 14. d4 a5 15. Ne2 Nxh3+ 16. Kh1 Re8 17. Neg1 Nf4 18. Ne2 Bg4 19. Qb3 Nxg2 20. Bxf7+ Qxf7 21. Qxf7+ Kxf7 22. Kxg2 exd4 23. Nexd4 Rxe4 24. Kg3 Bc7 25. Nh2 d5+ 26. f4 Bd7 27. Ng4 Bxg4 28. Kxg4 g5 29. Kh5 Bxf4 0-1

[Event "HUN-chT2 Szechenyi 1011"]
[Site "Hungary"]
[Date "2011.05.15"]
[Round "11.5"]
[White "Bodocs, Richard"]
[Black "Csarmasz, Mate"]
[Result "0-1"]
[WhiteElo "1606"]
[BlackElo "2078"]
[PlyCount "98"]
[EventDate "2010.09.12"]
[EventType "team-tourn"]
[EventRounds "11"]
[EventCountry "HUN"]
[SourceTitle "EXT 2012"]
[Source "ChessBase"]
[SourceDate "2011.11.24"]
[SourceVersion "1"]
[SourceVersionDate "2011.11.24"]
[SourceQuality "1"]
[WhiteTeam "Baki Agrocentrum"]
[BlackTeam "Ajka Banyasz"]
[WhiteTeamCountry "HUN"]
[BlackTeamCountry "HUN"]

1. e4 c5 2. Nf3 Nc6 3. d4 cxd4 4. Nxd4 Nf6 5. Nc3 d6 6. Bg5 e6 7. Bc4 a6 8. Qd2 h6 9. Be3 Bd7 10. 0-0-0 Ng4 11. f4 Nxe3 12. Qxe3 Be7 13. g4 e5 14. Nxc6 bxc6 15. fxe5 Bg5 16. Bxf7+ Kxf7 17. Rhf1+ Kg8 18. Rf4 dxe5 19. Qd3 Bxf4+ 20. Kb1 Qe7 21. Qxd7 Qxd7 22. Rxd7 Kh7 23. h4 Rhd8 24. Rc7 Rdc8 25. Rd7 Bg3 26. h5 Be1 27. Na4 Rd8 28. Rxd8 Rxd8 29. a3 Rd4 30. Nc5 Bf2 31. Nd3 Bg3 32. Nc5 Rd1+ 33. Ka2 Re1 34. b3 Re2 35. Kb2 Bf2 36. Nd3 Bd4+ 37. Kc1 Rxe4 38. Kd2 Rxg4 39. c3 Bxc3+ 40. Kxc3 Rg3 41. Kd2 Rxd3+ 42. Kxd3 g5 43. hxg6+ Kxg6 44. Ke3 h5 45. Ke4 h4 46. Kf3 Kf5 47. b4 e4+ 48. Ke3 h3 49. Kf2 e3+ 0-1

[Event "HUN-chT2 Szechenyi 0910"]
[Site "Hungary"]
[Date "2010.04.11"]
[Round "9.10"]
[White "Bodocs, Richard"]
[Black "Lakatos, Ervin"]
[Result "1-0"]
[WhiteElo "1631"]
[BlackElo "1758"]
[PlyCount "87"]
[EventDate "2009.11.08"]
[EventType "team-tourn"]
[EventRounds "11"]
[EventCountry "HUN"]
[SourceTitle "EXT 2011"]
[Source "ChessBase"]
[SourceDate "2010.11.26"]
[SourceVersion "1"]
[SourceVersionDate "2010.11.26"]
[SourceQuality "1"]
[WhiteTeam "Baki Agrocentrum"]
[BlackTeam "Zala Volan"]
[WhiteTeamCountry "HUN"]
[BlackTeamCountry "HUN"]

1. e4 e6 2. d4 d5 3. e5 c5 4. c3 cxd4 5. cxd4 Ne7 6. Bd3 Nbc6 7. Nf3 Nf5 8. Bxf5 exf5 9. a3 a5 10. Nc3 Be7 11. 0-0 0-0 12. Qb3 a4 13. Qxd5 Qxd5 14. Nxd5 Bd8 15. Bd2 Be6 16. Nb4 Nxb4 17. Bxb4 Re8 18. Rac1 h6 19. Rfd1 Bb3 20. Rd3 Ba5 21. Bxa5 Rxa5 22. Rdc3 Rb5 23. Rc8 Kf8 24. Rxe8+ Kxe8 25. Rc5 Rxc5 26. dxc5 Kd7 27. Nd4 g6 28. f4 Kc7 29. Kf2 b6 30. cxb6+ Kxb6 31. Nxb3 axb3 32. Ke3 Kc5 33. Kd3 g5 34. g3 g4 35. Kc3 h5 36. Kxb3 Kd4 37. a4 Ke3 38. a5 Kf2 39. a6 Kg2 40. a7 Kxh2 41. a8Q Kxg3 42. Qd5 Kf2 43. Qxf7 g3 44. Qxh5 1-0